000 00305nam a22001337a 4500
008 171024b xxu||||| |||| 00| 0 eng d
020 _a9780538440523
041 _aeng
080 _216 ED
_a311
100 _a55
101 _aSTA
245 _aBUSINESS MATH STATISTICS
_cKACZMARSKI.S
942 _2udc
_cBK
999 _c35651
_d35651